[Event "ZI-2012-0-01448"]
[Site "LSS email"]
[Date "2012.12.16"]
[Round "?"]
[White "Hatsek, Werner"]
[Black "Kisilevskaya, Marina"]
[Result "1-0"]
[WhiteElo "1945"]
[BlackElo "1800"]
[PlyCount "23"]
[EventDate "2012.12.10"]
[EventType "match (corr)"]
[EventRounds "2"]
[EventCountry "GER"]
[SourceTitle "Corr 2015"]
[Source "ChessBase"]
[SourceDate "2015.07.17"]
[SourceVersion "1"]
[SourceVersionDate "2015.07.17"]
[SourceQuality "1"]

1. d4 Nf6 2. c4 e6 3. Nf3 b6 4. g3 Bb7 5. Bg2 Bb4+ 6. Bd2 Bxd2+ 7. Qxd2 0-0 8. Nc3 d6 9. d5 a5 10. Nd4 e5 11. Nf5 Bc8 12. Qg5 1-0

[Event "ZI-2012-0-01440"]
[Site "LSS email"]
[Date "2012.12.04"]
[Round "?"]
[White "Kisilevskaya, Marina"]
[Black "Pepermans, Toon"]
[Result "1/2-1/2"]
[WhiteElo "1800"]
[BlackElo "2037"]
[PlyCount "44"]
[EventDate "2012.11.25"]
[EventType "match (corr)"]
[EventRounds "2"]
[EventCountry "GER"]
[SourceTitle "Telechess CBM 165"]
[Source "ChessBase"]
[SourceDate "2015.03.11"]
[SourceVersion "1"]
[SourceVersionDate "2015.03.11"]
[SourceQuality "1"]

1. d4 Nf6 2. c4 g6 3. Nc3 d5 4. cxd5 Nxd5 5. e4 Nxc3 6. bxc3 Bg7 7. Nf3 c5 8. Be3 Qa5 9. Qd2 0-0 10. Rc1 Rd8 11. d5 e6 12. c4 Qxd2+ 13. Kxd2 b6 14. Kc2 Nd7 15. Bd3 h6 16. Bf4 Nf6 17. Bc7 Rd7 18. Be5 exd5 19. exd5 b5 20. cxb5 Nxd5 21. Kb3 Nb4 22. Be4 Bb7 1/2-1/2

[Event "ZI-2012-0-01440"]
[Site "LSS email"]
[Date "2012.12.04"]
[Round "?"]
[White "Pepermans, Toon"]
[Black "Kisilevskaya, Marina"]
[Result "1/2-1/2"]
[WhiteElo "2037"]
[BlackElo "1800"]
[PlyCount "33"]
[EventDate "2012.11.25"]
[EventType "match (corr)"]
[EventRounds "2"]
[EventCountry "GER"]
[SourceTitle "Corr 2015"]
[Source "ChessBase"]
[SourceDate "2015.07.17"]
[SourceVersion "1"]
[SourceVersionDate "2015.07.17"]
[SourceQuality "1"]

1. d4 Nf6 2. c4 e6 3. Nc3 Bb4 4. e3 0-0 5. Bd3 c5 6. Nge2 d5 7. cxd5 exd5 8. a3 Bxc3+ 9. bxc3 b6 10. 0-0 Ba6 11. Bxa6 Nxa6 12. Qd3 Nc7 13. f3 Ne6 14. Ng3 Rc8 15. a4 Qd7 16. Ba3 Rfe8 17. Rfb1 1/2-1/2